|
|
|
|
| LEADER |
01784nam a2200457 i 4500 |
| 001 |
001942713 |
| 003 |
CZ BrMZK |
| 005 |
20250922133428.0 |
| 007 |
ta |
| 008 |
250728s2024 pl abc f 100 0 pol |
| 020 |
|
|
|a 978-83-968811-5-1
|q (brožováno)
|
| 040 |
|
|
|a BOA001
|b cze
|e rda
|
| 043 |
|
|
|a e-pl---
|
| 045 |
|
|
|a m-t-
|
| 072 |
|
7 |
|a 94(430/439)
|x Dějiny zemí střední Evropy
|2 Konspekt
|9 8
|
| 080 |
|
|
|a 316.72/.75
|2 MRF
|
| 080 |
|
|
|a 316.3"04/14"
|2 MRF
|
| 080 |
|
|
|a 94"04/14"
|2 MRF
|
| 080 |
|
|
|a (438)
|2 MRF
|
| 080 |
|
|
|a (062.534)
|2 MRF
|
| 245 |
0 |
0 |
|a Wielokulturowość średniowiecza :
|b ludzie i idee /
|c pod redakcją Jerzego Sperki
|
| 264 |
|
1 |
|a Wrocław :
|b Chronicon,
|c 2024
|
| 300 |
|
|
|a 113 stran :
|b ilustrace (převážně barevné), mapy, portréty ;
|c 23 cm
|
| 336 |
|
|
|a text
|b txt
|2 rdacontent
|
| 337 |
|
|
|a bez média
|b n
|2 rdamedia
|
| 338 |
|
|
|a svazek
|b nc
|2 rdacarrier
|
| 500 |
|
|
|a "VII Kongres Mediewistów Polskich, Tom I"--Preliminária
|
| 504 |
|
|
|a Obsahuje bibliografické odkazy
|
| 648 |
|
7 |
|a 9.-16. století
|7 ch918124
|
| 650 |
0 |
7 |
|a multikulturalismus
|7 ph123036
|z Polsko
|y 9.-16. století
|2 czenas
|
| 650 |
0 |
7 |
|a středověk
|7 ph126223
|z Polsko
|y 9.-16. století
|2 czenas
|
| 650 |
0 |
9 |
|a multiculturalism
|z Poland
|y 9th-16th centuries
|2 eczenas
|
| 650 |
0 |
9 |
|a middle ages
|z Poland
|y 9th-16th centuries
|2 eczenas
|
| 655 |
|
7 |
|a sborníky konferencí
|7 fd133333
|2 czenas
|
| 655 |
|
9 |
|a proceedings of conferences
|2 eczenas
|
| 700 |
1 |
|
|a Sperka, Jerzy,
|d 1962-
|7 js2012688942
|4 edt
|
| 711 |
2 |
|
|a Kongres Mediewistów Polskich
|n (7. :
|d 2022 :
|c Katovice, Polsko)
|7 ko20251272149
|4 aut
|
| 910 |
|
|
|a BOA001
|b 2-1547.384
|
| 990 |
|
|
|a BK
|
| 991 |
|
|
|b 202509
|c NOV
|
| 996 |
7 |
|
|b 2611009875
|c 2-1547.384
|l MZK
|r Sklad / do 1 hodiny
|n 0
|p výměna
|w 002013246
|u 000010
|a 1
|e BOA001
|j MZK50
|s A
|